Вып. 3 (45) : Геологический очерк Барзасского района Кузнецкого бассейна; Материалы по геологии Западной Сибири

Bibliografiska uppgifter
Parent link:Материалы по геологии Западной Сибири=Records of the geology of the West Siberia/ Западно-Сибирское геологическое управление. Вып. 3 (45) : Геологический очерк Барзасского района Кузнецкого бассейна.— , 1938-1965
Huvudupphovsman: Тыжнов А. В. Андрей Всеволодович
Övriga upphovsmän: Шахов Ф. Н. Феликс Николаевич
Språk:ryska
Publicerad: 1938
Ämnen:
Materialtyp: Bok
KOHA link:https://koha.lib.tpu.ru/cgi-bin/koha/opac-detail.pl?biblionumber=203176

MARC

LEADER 00000nam2a2200000 4500
001 203176
005 20231101225132.0
035 |a (RuTPU)RU\TPU\book\221396 
035 |a RU\TPU\book\221395 
090 |a 203176 
100 |a 20111031d1938 k y0rusy50 ca 
101 0 |a rus 
102 |a RU 
105 |a ab z 001zy 
200 0 |a Вып. 3 (45) : Геологический очерк Барзасского района Кузнецкого бассейна  |f А. В. Тыжнов  |g гл. ред. Ф. Н. Шахов 
210 |d 1938 
215 |a 156 с.  |c ил., карты 
317 |5 63413507: КР-995  |a Поступила в НТБ в 2004 г. в составе книжного собрания профессора ТПИ К. В. Радугина. 
320 |a Библиогр.: с. 152-153 
461 0 |0 (RuTPU)RU\TPU\book\221349  |t Материалы по геологии Западной Сибири  |l Records of the geology of the West Siberia  |f Западно-Сибирское геологическое управление  |v Вып. 3 (45) : Геологический очерк Барзасского района Кузнецкого бассейна  |d 1938-1965 
606 1 |a Геология  |y Западная Сибирь  |2 stltpush  |3 (RuTPU)RU\TPU\subj\70290  |9 84644 
610 1 |a девон 
610 1 |a геоморфология 
610 1 |a каменноугольные отложения 
610 1 |a Кузнецкий бассейн 
610 1 |a тектоника 
610 1 |a полезные ископаемые 
610 1 |a петрография 
610 1 |a Библиотека К. В. Радугина 
610 1 |a Библиотека М. А. Усова 
675 |a 55(571.1)  |v 3 
700 1 |a Тыжнов  |b А. В.  |c геолог  |c выпускник Сибирского технологического ин-та 1929 г.  |c сотрудник Сибирского отделения Геолкома  |f 1906-1975  |g Андрей Всеволодович  |2 stltpush  |3 (RuTPU)RU\TPU\pers\22197  |9 9410 
702 1 |a Шахов  |b Ф. Н.  |c российский геолог  |c профессор Томского политехнического института  |f 1894-1971  |g Феликс Николаевич  |2 stltpush  |3 (RuTPU)RU\TPU\pers\505  |4 651 
801 1 |a RU  |b 63413507  |c 20111025 
801 2 |a RU  |b 63413507  |c 20221114  |g RCR 
942 |c BK